00650nam a2200193Ia 4500008004100000020001800041082001600059100002200075245005700097250000700154260005500161300002300216500001900239600002000258650002000278942000700298952013400305999001700439240925s9999 xx 000 0 und d a9781138385245 a379.154 WAG aWagner, Robert B. 0aAccountability in education: a philosophical inquiry aNA aNew York:bRoutlege Taylor & Francis Groupc,2018. a188p.b0fOriginal aIncludes Index aSocial Sciences aSocial Sciences cBK 001040708SSaUITUbUITUd2019-09-13eWisdom Book Componyg2104.15l0o379.154 WAGpQ14960r2024-09-25 07:17:31w0000-00-00yBK c17459d17459